000 00366nam a2200133 i 4500
001 bg
100 1 _aKOCHENBURGER, Ralph J.
245 0 _aModelowanie układów dynamicznych przy użyciu maszyn matematycznych /
_cRalph J. Kochenburger.
260 _aWarszawa,
_c1975.
040 _cBPK
041 _apol
942 _cKS
008 s pl f |000 0 pol
999 _c16728
_d16728
856 _uhttp://koha.tu.koszalin.pl/cgi-bin/koha/opac-detail.pl?biblionumber=16728
_yKatalog online BPK